000 00680nam a22002057a 4500
003 OSt
005 20210419083421.0
008 210226s1993 ||||| |||| 00| 0 eng d
040 _aeng
_beng
_cDLC
_deng
041 _aeng
080 _a61
_bL-81
100 _91192
_aLittle, J., W.
245 _aThis Special Edition of on the Nature and Treatment of the Deformities of the Human Frame
_c/ by: The Classics of Neurology and Neurosurgery Library
260 _aNew York
_bThe Classics of Neurology and Neurosurgery Library
_c1993
300 _a412 p.
_bill.
650 0 _969
_aMedicine
653 _aმედიცინა
700 _91189
_aEisenhardt, Louise
942 _2udc
_cBK
999 _c1816
_d1816